01275nam a2200325 a 4500001001000000003000900010005001700019008004100036020001500077040002500092082002500117100004100142245008800183246006000271250001100331260003600342300002100378500002100399504003300420590002600453610004800479610003600527610003300563650003400596910004100630942001400671952012200685952012700807999001500934000001856DO-SdBNP20250612132314.0090629s2002 dr r 000 0 spa d a9993488100 aDO-SdBNPbspacBNPHU a341.232bR457r, 20021 aReyes Sánchez, Migueld1966-9228510aReformas del consejo de seguridad de las Naciones Unidas /cMiguel Reyes Sánchez.14aReforma del consejo de seguridad de las Naciones Unidas a2a ed. aSanto Domingo :bCumbre,c2002. a215 p. ;c23 cm. aIncluye índice aBibliografía : p. 201-215. aInventariado, 2018/BT24aNaciones Unidas91239bConsejo de Seguridad24aNaciones Unidas91239xHistoria24aNaciones UnidasvCarta91239 4aSeguridad internacional92289 aValidado control de calidad. MMOLINA 2ddccLBS1 0010718PDaPDbPDcHDd2009-06-29iLF1l0o341.232 R457r, 2002p1856-10r2020-06-25w2020-06-25yLFPDZNo se presta 0010718PDaPDbPDcHDd2009-06-29iLF1l0o341.232 R457r, 2002p1856-20r2020-06-25te.2w2020-06-25yLFPDZNo se presta c1733d1733